ELO Albums by Cover #2 - Statistics

General Stats
  • This quiz has been taken 14 times
    11 since last reset
  • The average score is 8 of 12
Answer Stats
Hint Answer % Correct
On the Third Day (US Cover)
100%
Xanadu
100%
The Electric Light Orchestra II (US Cover)
89%
Mr Blue Sky: The Very Best of the Electric Light Orchestra
78%
Wembley or Bust
78%
ELO's Greatest Hits
67%
Olé ELO
67%
The Night the Light Went On in Long Beach (Reissue Cover)
67%
The Definitive Collection
56%
Flashback
56%
Afterglow
44%
The ELO EP
44%
No matching quizzes found
Score Distribution
Percent of People with Each Score
Percentile by Number Answered
Your Score History
You have not taken this quiz since the last reset